000 00303nam a22001337a 4500
008 181101b xxu||||| |||| 00| 0 eng d
020 _a9780205297610
041 _aeng
080 _28th
_a316
100 _a50
101 _aSOC
245 _aIntroduction to Social Work
_cFarley,O.W
942 _2udc
_cBK
999 _c51460
_d51460